Reto de los colores - Estadísticas

Estadísticas generales
  • Esta prueba ha sido intentada 52 veces
  • La puntuación promedio es 10 de 16
Estadísticas de respuestas
Pista Palabra Color % Correcto
Color Verde Amarillo
97%
Color Rojo Negro
97%
Color Amarillo Naranja
92%
Texto Azul Azul
89%
Texto Naranja Naranja
87%
Texto Verde Verde
87%
Color Amarillo Rojo
76%
Texto Rojo Rojo
68%
Texto Morado Morado
61%
Color Verde Naranja
55%
Color Negro Amarillo
45%
Texto Verde Verde
39%
Texto Azul Azul
29%
Color Morado Verde
29%
Color Rojo Azul
21%
Texto Amarillo Amarillo
18%
No se encontraron pruebas coincidentes
Distribución de puntuación
Porcentaje de gente con cada puntuación
Porcentaje por número respondido
Historial de tus puntuaciones
No has intentado esta prueba.